Регионална библиотека "Любен Каравелов" - Русе

Бреговете на мълчанието (Запис номер 99395)

MARC детайли
000 -Лидер
Контролно поле с фиксирана дължина 01238nam a2200313 c 4500
003 - Код на организацията, давaща контролен номер
Контролно поле BLK
005 - Дата и час на последна редакция
Контролно поле 20180422105249.0
008 - Елементи от данни с фиксирана дължина
fixed length control field 180409b bul|||||r ||||||| ||bul||
010 ## - Наследен системен номер
LC control number KNG00104399000
020 ## - Международен стандартен номер на книга ISBN
Международен стандартен номер на книга ISBN 954-607-422-5
-- издат.: ЛИК
040 ## - Източник на каталожния запис
Идентификатор на билиотеката - собственик на записа BLK
041 ## - Код за език
Код за езика на текст/звукозапис или на отделно заглавие Български
Код за езика КДБФ Български
080 ## - УДК
Текстов определител УДК Френска литература
УДК код - определител по УДК 821.133.1
УДК определител -1
УДК - код + определител 821.133.1-1
100 1# - Редна дума - Автор
Автор Уайт, Кенет
Авторска отговорност първи автор
R(LIN) 250307
139 ## - Редно поле
Редна дума Уайт, Кенет
Авторски знак Уаит - У 14
245 10 - Сведения за заглавието
Заглавие Бреговете на мълчанието
Подзаглавни данни Стихотворения
Редно поле (дума) Кенет Уайт; подб. и прев. Николай Кънчев.
257 ## - Страна на издаване
Страна на създаване/издаване Франция
260 ## - Област на издателските данни
-- София
Име на издателя, разпространителя и проч. ЛИК
Година на издаване 2001
300 ## - Физическа характеристика
Страници 156 с.
Размери/Мащаб 20 см
380 ## - Жанр
Жанр Худож. лит.
500 ## - Общи забележки
Забележка Прев. по En toute candeur ; Mahamudra, le grand geste ; Le Grand Rivage ; Les rives du silence ; Limites et marges / Kenneth White. - Офс. изд.
653 ## - Ключова дума – ненормативна
Ключова дума стихотворения
700 1# - Други автори (авторска отговорност)
Лично име Кънчев, Николай
Автороска отговорност (Описва отношението между автора и произведението) подб. и прев.
Друга информация Христов, Николай Кънчев
9 (RLIN) 363507
852 ## - Местоположение
Форматна сигнатура Цб 213214
856 4# - Електронен адрес и достъп
Електронен формат pdf - файл
Път до файла /url/
856 4# - Електронен адрес и достъп
Електронен формат pdf - файл
Път до файла /url/
942 ## - АРТИКУЛИ
Вид на библиотечния материал Книги
Скрит в OPAC Не
944 ## - СЪЗДАВАНЕ И РЕДАКЦИЯ на ЗАПИСА
Създаване/Редакция Създаване
Дата на регистрацията/редакция 01.01.2001
Служител, извършил регистрацията/редакцията Людмила_Стоянова
944 ## - СЪЗДАВАНЕ И РЕДАКЦИЯ на ЗАПИСА
Създаване/Редакция Редакция
Дата на регистрацията/редакция 13.05.2004
Служител, извършил регистрацията/редакцията
999 ## - СИСТЕМНИ КОНТРОЛНИ НОМЕРА
Koha biblionumber 99395
Koha biblioitemnumber 99395
Наличности
Код за отписване Код за изгубен артикул Код за повреда Коз за рестрикции Код за отдаване Артикулен № Име на библиотеката - собственик Име на библиотеката, в която се намира в момента Статус (Текущо местоположение) Дата на вписване в системата Местоположение - отдел Цена в лева Инвентарен номер Систематично азбучна сигнатура Баркод Номер на екземпляра Цена в евро Служебна бележка Служебен тип на артикула
  Не е изгубен Не е повреден без рестрикции заемане за дома 160096 Регионална библиотека "Любен Каравелов" Русе Регионална библиотека "Любен Каравелов" Русе Заемна - подръчен фонд 2002-11-27 Заемна - подръчен фонд 3.90 120000673477 П 840-1/У 14 120000673477 1 1.99 Дост: DA Вид: А N: 45 Дата: 26.11.2002 Дата инв: 13.02.2018 Бележки инв: П2018 Книги
  Не е изгубен Не е повреден без рестрикции ползва се в читалня 160097 Регионална библиотека "Любен Каравелов" Русе Регионална библиотека "Любен Каравелов" Русе Хранилище 2004-04-29 Хранилище 3.90 120000685032 Цб 213214 120000685032 2 1.99 Дост: Dp Вид: Д N: 25 Дата: 11.06.2003 Книги
Vip Innovations Ltd, Rousse, Bulgaria 2025